|
|
|
|
| LEADER |
00879nam a2200253 a 4500 |
| 001 |
2773 |
| 003 |
BD-DhAAL |
| 005 |
20150514120104.0 |
| 008 |
150514s1992 nyua b 000 0 eng |
| 010 |
|
|
|a 93153337
|
| 020 |
|
|
|a 0079112900
|
| 040 |
|
|
|a DLC
|c DLC
|d BD-DhAAL
|
| 050 |
0 |
0 |
|a BF698
|b .H487 1992
|
| 082 |
0 |
0 |
|a 155.2/01
|2 20
|
| 100 |
1 |
|
|a Hjelle, Larry A.
|9 11055
|
| 245 |
1 |
0 |
|a Current research and applications in personality theories /
|c Larry A. Hjelle.
|
| 260 |
|
|
|a New York :
|b McGraw-Hill,
|c c1992.
|
| 300 |
|
|
|a iv, 156 p. :
|b ill. ;
|c 23 cm.
|
| 504 |
|
|
|a Includes bibliographical references.
|
| 541 |
|
|
|e 2773
|
| 650 |
|
0 |
|a Personality.
|9 6126
|
| 942 |
|
|
|2 ddc
|c BK
|
| 999 |
|
|
|c 34418
|d 34418
|
| 952 |
|
|
|0 0
|1 0
|2 ddc
|4 0
|6 155_201000000000000_HJE
|7 0
|9 53734
|a SCL
|b SCL
|c GEN
|d 2015-05-14
|e Gift: The Asia Foundation
|l 1
|o 155.201 HJE
|p 3020002773
|r 2017-10-17
|s 2017-09-17
|t 1
|w 2015-05-14
|y BK
|